000 00644nam a2200229Ia 4500
003 OSt
005 20220926044336.0
006 a|||||r|||| 00| 0
007 ta
008 220923b |||||||| |||| 00| 0 eng d
037 _cGeneral Book
040 _aRTL
_cRTL
_beng
041 _2eng
_aeng
082 _aV73:2:9Z, J4.1
100 _aFreund Paul A
_9152586
245 0 _aConstitutional law
_b Cases and other problems. 2 V
260 _c1954
490 _aLaw School Casebook Series
650 _aConstitution United States
_9240337
942 _hV73:2:9Z, J4.1
_cGB
_2CC
999 _c674604
_d674604